| 000 | 02286nam0a2200409 i 4500 | ||
|---|---|---|---|
| 001 | RU\NLR\bibl\1980996 | ||
| 005 | 20260406013519.0 | ||
| 010 |
_a9785991622424 _91000 |
||
| 021 |
_aRU _b2012-92826 _96875 |
||
| 035 | _a(NLR Aleph) 001969679 | ||
| 090 |
_a3938094 _c3938094 |
||
| 100 | _a20121220d2013 u y0rusy50 ca | ||
| 101 | 0 | _arus | |
| 102 | _aRU | ||
| 105 | _aa ||||||||| | ||
| 200 | 1 |
_aВведение в языкознание _eучебник для бакалавров _eучебное пособие для студентов высших учебных заведений, обучающихся по направлению 050300 "Филологическое образование" _e[углубленный курс] _fИ.С. Куликова, Д.В. Салмина _gРос. гос. пед. ун-т им. А.И. Герцена |
|
| 210 |
_aМосква _cЮрайт _d2013 [т.е. 2012] |
||
| 215 |
_a699 с. _cил. _d22 |
||
| 225 | 1 | _aУчебно-методическое объединение рекомендует | |
| 225 | 1 | _aУчебник | |
| 225 | 1 | _aБакалавр | |
| 300 | _aНа обороте тит. л. авт.: кандидаты филол. наук, доценты Куликова И.С., Салмина Д.В. | ||
| 300 | _aКн. фактически изд. в 2012 г. | ||
| 300 | _aВ макете загл. 3-й сер.: Серия: Бакалавр. Углубленный курс | ||
| 320 | _aБиблиогр.: с. 6084-685 и в подстроч. примеч. | ||
| 320 | _aДр. работы 1-го авт. на 4-й с. обл. | ||
| 320 | _aПредм. указ.: с. 686-699 | ||
| 606 |
_aЯзыкознание _jУчебные издания для высших учебных заведений _9911558 _3RU\NLR\auth\6613279 |
||
| 686 | _aШ10я7 | ||
| 700 | 1 |
_4070 _8rus _7ca _aКуликова _bИ. С. _cканд. филол. наук _gИрина Степановна _3RU\NLR\auth\77118993 _9101918 |
|
| 701 | 1 |
_4070 _8rus _7ca _aСалмина _bД. В. _cканд. филол. наук _gДиана Валентиновна _3RU\NLR\auth\77118997 _9101922 |
|
| 801 | 0 |
_aRU _bNLR _c20121220 _gRCR |
|
| 801 | 1 |
_aRU _bNLR _c20121220 |
|
| 830 | _aавт. по кн. | ||
| 942 | _cBOOK | ||
| 980 | _aNBR | ||